| 000 | 01088nam0a22002771 4500 | ||
|---|---|---|---|
| 001 | rc\2676805 | ||
| 005 | 20260406225659.0 | ||
| 035 | _a(NLR Aleph) 006805238 | ||
| 090 |
_a6285637 _c6285637 |
||
| 100 | _a20110915d1932 |||y0rusy50 ca | ||
| 101 | 0 | _arus | |
| 102 | _aRU | ||
| 105 | _aa z ||||| | ||
| 200 | 1 |
_aСборник Нижневолжского краевого музея _f[Предисл.: П. Рыков] |
|
| 210 |
_aСаратов _cН.-Волж. краев. изд-во _d1932 _gтип. № 2 Н.-В. крайполиграфтреста |
||
| 215 |
_aОбл., 90 с., включ. тит. л. _cил. _d21х15 см. |
||
| 320 | _aБиблиогр.: "Список работ проф. Б. М. Соколова. [Этнолог]" (стр. 11-17). - В. Сушицкий | ||
| 702 | 1 |
_aРыков _bП. _4080 |
|
| 710 | 0 | 2 |
_aСаратовский краевой музей _3RU\NLR\AUTH\889981655 _9459344 |
| 801 | 0 |
_aRU _bNLR _gpsbo |
|
| 801 | 1 |
_aRU _bELAR _2rusmarc |
|
| 852 |
_aNLR _j32-10/5097 |
||
| 852 |
_aNLR _j63-6/5767 |
||
| 942 | _cBOOK | ||
| 980 | _aNB | ||